banner koha

Flora das cangas da Serra dos Carajás, Pará, Brasil: Smilacaceae (Registro n. 331820)

MARC details
000 -LÍDER
fixed length control field 01779nab a2200253 i 4500
003 - CÓDIGO MARC DA AGÊNCIA CATALOGADORA
Campo de controle BR-BrBNA
005 - DATA E HORA DA ÚLTIMA ATUALIZAÇÃO
Campo de controle 20250530140020.0
008 - CAMPO DE TAMANHO FIXO
fixed length control field 250530b2018 bl.qr|pooa||| 00| 0 por |
040 ## - FONTE DA CATALOGAÇÃO
Agência catalogadora BR-BrBNA
Idioma da catalogação por
072 ## - CATEGORIA AGRIS
Código AGRIS F70
100 ## - ENTRADA PRINCIPAL - NOME PESSOAL
Nome pessoal Andreata, Regina Helena Potsch
100 ## - ENTRADA PRINCIPAL - NOME PESSOAL
Nome pessoal Watanabe, Maurício Takashi Coutinho
245 ## - TÍTULO PRINCIPAL
Título principal Flora das cangas da Serra dos Carajás, Pará, Brasil: Smilacaceae
500 ## - NOTA GERAL
Nota geral Publicação on-line; 6 ref.; 2 illus.; Summaries (En, Pt)
942 ## - ADDED ENTRY ELEMENTS (KOHA)
Koha item type Analítica
520 ## - NOTA DE RESUMO
Nota de conteúdo <br/><br/>Resumo<br/><br/>Este estudo aborda a família Smilacaceae nas cangas da Serra dos Carajás, no estado do Pará e contém<br/>descrições detalhadas, ilustrações e comentários morfológicos das espécies na área.Foram registradas duas<br/>espécies: Smilax irrorata e Smilax syphilitica, ambas com distribuição na América do Sul.<br/><br/>Palavras-chave: Amazônia, FLONA de Carajás, florística, Smilax, taxonomia.<br/><br/><br/><br/><br/>Abstract<br/><br/>This study deals with the Smilacaceae family registered for the canga of the Serra dos Carajás, Pará state and<br/>provides detailed descriptions, illustrations, and morphological comments of the species in the study area.<br/>Two species were recorded: Smilax irrorata and Smilax syphilitica, both found throughout South America.<br/><br/>Key words: Amazon, National Forest of Carajás, floristics, Smilax, taxonomy
650 ## - ASSUNTO - THESAGRO
Cabeçalho tópico ou nome geográfico AMAZÔNIA
650 ## - ASSUNTO - THESAGRO
Cabeçalho tópico ou nome geográfico CARAJÁS
650 ## - ASSUNTO - THESAGRO
Cabeçalho tópico ou nome geográfico COMPOSIÇÃO BOTÂNICA
650 ## - ASSUNTO - THESAGRO
Cabeçalho tópico ou nome geográfico TAXONOMIA
773 0# - ENTRADA ANALÍTICA
Host Biblionumber 709
Registro do item 350699
Imprenta Rio de Janeiro-RJ Jardim Botanico do Rio de Janeiro 1935
Outro identificador 2025-3324
Título Rodriguésia (Brazil)
ISSN 0370-6583; 2175-7860 on-line
Colação v. 69(1) p. 245-250; (2018)
Número de controle de registro BR2025001311
856 ## - ACESSO E ENDEREÇO ELETRÔNICO
Identificador uniforme de recurso - URI https://www.scielo.br/j/rod/a/p8r3W5VbXgMqkXq879HKxsJ/?format=pdf&lang=pt

Nenhum exemplar disponível.

BINAGRI

Telefone: (61)3218-2567/2388/3357/2097 - binagri@agro.gov.br

Ministério da Agricultura e Pecuária , Esplanada dos Ministérios, Bloco D, Anexo B, Brasília/DF, CEP: 70.043-900